The Real yellow pages : Miami-Dade Country, FL A-Z 2007/2008.
| Format: | Book |
|---|---|
| Published: |
[S.l]:
Bellsouth Advertising & Publishing,
2007.
|
| Subjects: |
| LEADER | 00474cam a2200133 7i4500 | ||
|---|---|---|---|
| 001 | 0000022295 | ||
| 005 | 20090204090000.0 | ||
| 090 | 0 | 0 | |a USA 910.2573 |b REA |
| 245 | 0 | 0 | |a The Real yellow pages : |b Miami-Dade Country, FL A-Z 2007/2008. |
| 260 | 0 | 0 | |a [S.l]: |b Bellsouth Advertising & Publishing, |c 2007. |
| 300 | # | # | |a [v.p]. |
| 650 | 0 | 0 | |a Miami, United States of America -- |x Yellow pages |
| 651 | 0 | 0 | |a United States of America |
| 999 | |a 0000023582 |b Directories |c Countries |e Business Information Centre | ||